| 000 | 00368nam a2200157Ia 4500 | ||
|---|---|---|---|
| 008 | 230312s9999||||xx |||||||||||||| ||und|| | ||
| 020 | _a9788120333604 | ||
| 082 |
_a621.56 _bSAP-R |
||
| 100 | _aSapali, S. N. | ||
| 245 | 0 | _aRefrigeration and Air Conditioning | |
| 260 |
_bPHI _aIndia _c2009 |
||
| 300 | _a536 | ||
| 546 | _aEng. | ||
| 650 | _aEngineering | ||
| 942 | _cBK | ||
| 999 |
_c6098 _d6098 |
||